000
00241nam a2200097Ia 4500
001
909970
005
20250826185651.0
008
250824s9999 xx 000 0 und d
245
0
_a
OSMANLIDAN HİKAYELER
_c
CUMA VURAL
260
_b
PANAMA YAYINLARI
999
_c
909970
_d
909970